00309nam a2200121 450000500170000010000290001724500110004626400410005730000190009833600220011733700240013933800240016320260530115302.01 aNicholas Grimshaw Studio10aFusion 1bNicholas Grimshaw and Partnersc1998 a1998 páginas atexto2rdacontent asin medio2rdamedia avolumen2rdacarrier